MESTSKÁ KNIŽNICA GIRALTOVCE  - online katalóg 

Mestské pamiatkové rezervácie na Slovensku (Record no. 23295)

000 -NÁVESTIE
fixed length control field 00624nam a2200205 a 4500
001 - EVIDENČNÉ ČÍSLO ZÁZNAMU - Kontrolné číslo
control field vtls000144022
005 - DÁTUM A ČAS POSLEDNEJ TRANSAKCIE
control field 20220823091713.0
008 - ÚDAJE S PEVNOU DĹŽKOU – VŠEOBECNÉ INFORMÁCIE
fixed length control field 000816s1986 xo a f 000 0 slo d
035 ## - Iný štandardný identifikátor
Iný štandardný identifikátor UKB000153278
040 ## - ZDROJ KATALOGIZÁCIE
Pôvodná katalogizujúca agentúra BAA001
Jazyk katalogizácie slo
Prepisujúca agentúra BAA001
Konvencie popisu AACR2
041 0# - KÓD JAZYKA
Kód jazyka textu/zvukovej stopy alebo samostatných nápisov slo
044 ## - KÓD KRAJINY VYDAVATEĽA/PRODUCENTA
Kód krajiny MARC xo
Kód krajiny ISO SK
100 1# - OSOBNÉ MENÁ – VŠEOBECNÉ INFORMÁCIE
Osobné meno Frický, Alexander
-- 3283
245 10 - NÁZOV
Názov Mestské pamiatkové rezervácie na Slovensku
260 ## - VYDAVATEĽSKÉ ÚDAJE, DISTRIBÚCIA ATĎ.
Miesto publikovania, distribúcie atď. Martin
Názov vydavateľa, distibútora atď. Osveta
Dátum publikovania, distribúcie atď. 1986
300 ## - FYZICKÝ POPIS
Rozsah 230 s.
Ďalšie fyzické detaily fotogr.
500 ## - VŠEOBECNÁ POZNÁMKA
Formátovaná poznámka o obsahu Res.Rus.,nem.,angl.,mad.-Frontsp.*kd 1578-81/86
650 07 - PRIDANÝ VSTUP – PREDMET – TEMATICKÉ HESLO
Tematické heslo alebo geografický názov ako vstupný prvok rezervácie pamiatkové mestské
Geografický pododdiel Slovensko
-- 3284
700 1# - PRIDANÝ VSTUP – OSOBNÉ MENO
Osobné meno Deneš, Ladislav
Kód roly pht
-- 3285
Holdings
Stav stiahnutia (Blokovanie) (Withrawn status) Stav straty Zdroj klasifikácie pre skladovanie Stav poškodenia (Damaged status) Nie pre výpožičky (Not for loan) Spôsob nadobudnutia (Collection code) Trvalé umiestnenie Aktuálne umiestnenie Dátum nadobudnutia Inventárne číslo (prírastkové číslo) Full call number Čiarový kód Dátum posledného výskytu Cena s účinnosťou od Typ jednotky Koha
          Dar Mestská knižnica Giraltovce Mestská knižnica Giraltovce 2022-08-23 21628 S1532 S1532 2022-08-23 2022-08-23 Odborná literatúra pre dospelých

Powered by Koha